000 01108nam a22002057a 4500
003 JO-AjAnu
005 20240708120941.0
008 240708b jo ||||| |||| 00| 0 ara d
040 _aJO-AjAnu
_bara
_cJO-AjAnu
_erda
041 _aara
_hara
050 _aHF5437
_b2024
100 1 _aالقضاة، جعفر نهار عوض
_eمعد
_966092
245 0 _aاثر ادارة سلاسل التوريد على الحصة السوقية لشركات الادوية الاردنية = The Impact of Supply Chain Management on the Market Share of Jordanian Pharmaceutical Companies /
_cاعداد جعفر نهار عوض القضاة؛ اشراف نضال فواز حسين القضاة
260 _c2024
300 _a108 ورقة
500 _aرسالة جامعية( رسالة ماجستير في ادارة الاعمال) جامعة عجلون الوطنية( عجلون، الاردن)، كلية الاعمال، 2024.
650 7 0 _aالتوريدات - ادارة- ادارة المشتريات
_966093
700 1 _aالقضاة، نضال فواز حسين
_964939
_eمشرف
942 _2lcc
_cTHS
_n0
999 _c33596
_d33596